Dél-Korea imázsa és az utazási hajlandóság vizsgálata a magyar utazók körében
| Main Author: | |
|---|---|
| Other Authors: | |
| Format: | Thesis |
| Kulcsszavak: | Dél-Korea imázs márkázás országimázs utazás |
| Online Access: | http://dolgozattar.uni-bge.hu/60275 |
MARC
| LEADER | 00000nta a2200000 i 4500 | ||
|---|---|---|---|
| 001 | dolg60275 | ||
| 005 | 20260409150232.0 | ||
| 008 | 260409suuuu hu om 000 hun d | ||
| 040 | |a BGE Dolgozattár Repozitórium |b hun | ||
| 041 | |a hu | ||
| 100 | 1 | |a Stiller Barbara | |
| 245 | 1 | 0 | |a Dél-Korea imázsa és az utazási hajlandóság vizsgálata a magyar utazók körében |c Stiller Barbara |h [elektronikus dokumentum] |
| 520 | 3 | |a A szakdolgozat Dél-Korea országimázsának és a magyar utazók utazási hajlandóságának összefüggéseit vizsgálja. Az elmúlt években Dél-Korea a Hallyu, vagyis a koreai hullám révén jelentős kulturális és gazdasági figyelmet kapott világszerte, így Magyarországon is. A dolgozat célja feltárni, hogy a magyar lakosság milyen képet alakított ki Dél-Koreáról, és ezek az attitűdök milyen mértékben befolyásolják az országba irányuló utazási szándékot. A kutatás kvantitatív módszertannal, online kérdőíves felmérés segítségével készült, amely 114 fő válaszait dolgozta fel. Az eredmények szerint a magyar válaszadók Dél-Koreát leginkább a popkultúra, a gasztronómia és a technológiai fejlettség révén ismerik, és ezek a tényezők jelentős motivációt jelentenek az utazás tervezésekor. Ugyanakkor a távolság, az anyagi korlátok, a nyelvi akadályok és a kulturális különbségek gyakran visszatartó erőként jelennek meg. A Hallyu kiemelt szerepet játszik az ország pozitív imázsának kialakításában, különösen a fiatalabb generáció körében, és jelentősen növeli az utazási hajlandóságot. A kutatás rámutat arra is, hogy az információforrások, főként a közösségi média és a vizuális tartalmak torzíthatják az ország valós képét, ezért a személyes tapasztalatok és a hiteles tájékoztatás szerepe kiemelten fontos. Összességében a dolgozat hozzájárul a magyar–koreai turisztikai kapcsolatok és a kulturális megértés mélyebb megismeréséhez, valamint gyakorlati javaslatokat fogalmaz meg Dél-Korea turisztikai marketingjének fejlesztésére a magyar piacon. | |
| 695 | |a Dél-Korea | ||
| 695 | |a imázs | ||
| 695 | |a márkázás | ||
| 695 | |a országimázs | ||
| 695 | |a utazás | ||
| 700 | 1 | |a Gajzágó Dr. Éva Judit |e ths | |
| 856 | 4 | 0 | |u http://dolgozattar.uni-bge.hu/60275/1/szakdolgozat-stillerbarbara.pdf |z Dokumentum-elérés |
| 856 | 4 | 0 | |u http://dolgozattar.uni-bge.hu/60275/2/Szakdolgozat%20%C3%A9rt%C3%A9kel%C5%91%20Bsc%20SB.pdf |z Dokumentum-elérés |
| 856 | 4 | 0 | |u http://dolgozattar.uni-bge.hu/60275/3/B%C3%ADr%C3%A1lati%20lap_BSc_SB.pdf |z Dokumentum-elérés |